[Event "Wch U20 43rd"]
[Site "Cochin"]
[Date "2004.11.26"]
[Round "10"]
[White "Tiwari, Arjun"]
[Black "Phanikanth, JSS"]
[Result "1-0"]
[WhiteElo "2319"]
[BlackElo "1985"]
[PlyCount "53"]
[EventDate "2004.11.20"]
[EventType "swiss"]
[EventRounds "13"]
[EventCountry "IND"]
[SourceTitle "CBM 103 Extra"]
[Source "ChessBase"]
[SourceDate "2005.01.01"]
[SourceVersion "1"]
[SourceVersionDate "2005.01.01"]
[SourceQuality "1"]

1. Nf3 d5 2. g3 Nf6 3. Bg2 Bf5 4. 0-0 e6 5. d3 h6 6. Nbd2 Be7 7. Re1 0-0 8. e4 Bh7 9. Qe2 Re8 10. e5 Nfd7 11. Nf1 c5 12. h4 Nc6 13. N1h2 Rc8 14. c3 b5 15. Ng4 b4 16. Bf4 Nb6 17. h5 c4 18. d4 Rb8 19. Qe3 Na4 20. Re2 bxc3 21. bxc3 Bd3 22. Bxh6 Bxe2 23. Bxg7 Bg5 24. Nxg5 Bxg4 25. Bf6 Ne7 26. Nxe6 Bxe6 27. Qh6 1-0

[Event "Wch U20 41st"]
[Site "Goa"]
[Date "2002.12.10"]
[Round "2"]
[White "Phanikanth, JSS"]
[Black "Vuilleumier, Alexandre"]
[Result "0-1"]
[WhiteElo "2012"]
[BlackElo "2193"]
[PlyCount "57"]
[EventDate "2002.12.09"]
[EventType "swiss"]
[EventRounds "13"]
[EventCountry "IND"]
[SourceTitle "CBM 091 Extra"]
[Source "ChessBase"]
[SourceDate "2003.01.09"]
[SourceVersion "1"]
[SourceVersionDate "2003.01.09"]
[SourceQuality "1"]

1. e4 c5 2. Nf3 d6 3. d4 cxd4 4. Nxd4 Nf6 5. Nc3 Nc6 6. Bg5 e6 7. Qd2 a6 8. Be2 Bd7 9. 0-0 Be7 10. Rad1 Rc8 11. Be3 0-0 12. f4 Nxd4 13. Bxd4 Bc6 14. Bf3 Qc7 15. Kh1 Rfd8 16. Qe3 Nd7 17. e5 dxe5 18. fxe5 Bxf3 19. Qxf3 Rf8 20. Qf4 Nb8 21. Ne4 Rcd8 22. Bc3 f5 23. Ng5 Bxg5 24. Qxg5 Nc6 25. Rd6 Qe7 26. Qxe7 Nxe7 27. Rxe6 Nd5 28. Bd4 Nc7 29. Bc5 0-1

[Event "Olomouc Proclient Cup"]
[Site "Olomouc"]
[Date "2002.08.05"]
[Round "6"]
[White "Phanikanth, JSS"]
[Black "Skytte, Rasmus"]
[Result "0-1"]
[WhiteElo "2161"]
[BlackElo "2366"]
[PlyCount "48"]
[EventDate "2002.07.31"]
[EventType "tourn"]
[EventRounds "11"]
[EventCountry "CZE"]
[EventCategory "3"]
[SourceTitle "CBM 089 Extra"]
[Source "ChessBase"]
[SourceDate "2002.09.10"]
[SourceVersion "2"]
[SourceVersionDate "2002.09.10"]
[SourceQuality "1"]

1. e4 d5 2. exd5 Nf6 3. Nc3 Nxd5 4. Nxd5 Qxd5 5. Nf3 Bg4 6. Be2 Nc6 7. d3 e6 8. a3 Bd6 9. Be3 Qh5 10. h3 0-0 11. 0-0 Bxf3 12. Bxf3 Qe5 13. g3 Qxb2 14. Rb1 Qxa3 15. Rxb7 Qa6 16. Bxc6 Qxc6 17. Rxa7 Rab8 18. Ra2 Rb4 19. Qe2 h5 20. h4 Rfb8 21. c4 Rb1 22. Bd4 Rxf1+ 23. Qxf1 Qf3 24. Qe2 Rb1+ 0-1

[Event "Olomouc Proclient Cup"]
[Site "Olomouc"]
[Date "2002.07.31"]
[Round "11"]
[White "Phanikanth, JSS"]
[Black "Vaculik, Martin"]
[Result "0-1"]
[WhiteElo "2161"]
[BlackElo "2232"]
[PlyCount "79"]
[EventDate "2002.07.31"]
[EventType "tourn"]
[EventRounds "11"]
[EventCountry "CZE"]
[EventCategory "3"]
[SourceTitle "CBM 089 Extra"]
[Source "ChessBase"]
[SourceDate "2002.09.10"]
[SourceVersion "2"]
[SourceVersionDate "2002.09.10"]
[SourceQuality "1"]

1. e4 e6 2. d4 d5 3. exd5 exd5 4. c4 Nf6 5. Nc3 c6 6. Bg5 Be7 7. Bd3 Nbd7 8. Nf3 dxc4 9. Bxc4 Nb6 10. Bb3 Bg4 11. Bc2 Bh5 12. Qd3 Bg6 13. Qe2 Bxc2 14. Qxc2 Nfd5 15. Qe2 0-0 16. Bxe7 Qxe7 17. Qxe7 Nxe7 18. 0-0 f6 19. Rfe1 Ned5 20. Nxd5 Nxd5 21. Rad1 Rfe8 22. Kf1 Kf7 23. Rxe8 Rxe8 24. Re1 Rd8 25. Rd1 Nf4 26. g3 Ne6 27. Ke2 Ke7 28. Ke3 Rd5 29. b3 g6 30. h4 Ng7 31. Rc1 Kd6 32. Ke4 Ne6 33. Rc3 h6 34. Ke3 a6 35. a3 Ra5 36. b4 Rd5 37. a4 f5 38. Kd3 g5 39. hxg5 hxg5 40. Nd2 0-1

[Event "Olomouc Proclient Cup"]
[Site "Olomouc"]
[Date "2002.07.31"]
[Round "10"]
[White "Ptacnikova, Lenka"]
[Black "Phanikanth, JSS"]
[Result "1-0"]
[WhiteElo "2203"]
[BlackElo "2161"]
[PlyCount "59"]
[EventDate "2002.07.31"]
[EventType "tourn"]
[EventRounds "11"]
[EventCountry "CZE"]
[EventCategory "3"]
[SourceTitle "CBM 089 Extra"]
[Source "ChessBase"]
[SourceDate "2002.09.10"]
[SourceVersion "2"]
[SourceVersionDate "2002.09.10"]
[SourceQuality "1"]

1. c4 e5 2. g3 Nf6 3. Bg2 d5 4. cxd5 Nxd5 5. Nf3 Nc6 6. 0-0 Be7 7. d4 exd4 8. Nxd4 Nxd4 9. Qxd4 Nf6 10. Qxd8+ Bxd8 11. Nc3 c6 12. Bf4 0-0 13. Rad1 Be6 14. Bd6 Re8 15. e4 Be7 16. Bxe7 Rxe7 17. f4 Rd7 18. Rxd7 Nxd7 19. Rd1 Nb6 20. f5 Bc4 21. b3 Ba6 22. e5 Re8 23. Bh3 Kf8 24. e6 Ke7 25. Ne4 fxe6 26. Re1 e5 27. Ng5 h6 28. Rxe5+ Kd7 29. f6+ Kd8 30. Nf7+ 1-0